Vico y el humanismo: ensayos sobre Vico, Heidegger y la retórica
Gardado en:
| Autor Principal: | |
|---|---|
| Formato: | Libro |
| Idioma: | Lingua castelá |
| Publicado: |
Iztapalapa
anthropos
1999
|
| Edición: | 1a. ed |
| Series: | Autores, Textos y Temas
Humanismo, 5 |
| Subjects: | |
| Tags: |
Engadir etiqueta
Sen Etiquetas, Sexa o primeiro en etiquetar este rexistro!
|
MARC
| LEADER | 00000cam a2200000 a 4500 | ||
|---|---|---|---|
| 001 | UCE8946 | ||
| 003 | CL-VaPUC | ||
| 008 | 150911e19990000mx |||||||||||||||||spa|d | ||
| 020 | |a 8476585659 | ||
| 082 | 0 | 4 | |a 144 |b GRA |2 21 |
| 100 | |a Grassi, Ernesto |e author |9 389 | ||
| 245 | 1 | 0 | |a Vico y el humanismo: ensayos sobre Vico, Heidegger y la retórica |
| 250 | |a 1a. ed | ||
| 300 | |a 237 p | ||
| 942 | |c BK | ||
| 945 | |d 20150911 12:29:00 |a gsalatino | ||
| 260 | |a Iztapalapa |b anthropos |c 1999 | ||
| 650 | 0 | |a Humanismo |9 256530 | |
| 650 | 0 | |a Filosofía italiana |9 265241 | |
| 650 | 0 | |a Retórica |9 266620 | |
| 583 | |a last modification |c 20150911 12:29:00 |k Rodrigo Vera | ||
| 490 | 0 | |a Autores, Textos y Temas | |
| 490 | 0 | |a Humanismo, 5 | |
| 999 | |c 360703 |d 360701 | ||
| 952 | |0 0 |1 0 |3 erb |4 0 |6 144_000000000000000_GRA_1999 |7 0 |8 A |9 470623 |a BIBEDU |b BIBEDU |i 519718K |l 6 |m 4 |o 144 GRA 1999 |p 519718K |r 2025-05-07 |s 2025-05-05 |w 2019-11-23 |y BK |z Catalogado en:20150911 |k FIL | ||